| 000 | 00806nam a2200301 a 4500 | ||
|---|---|---|---|
| 003 | AR-BaBNM | ||
| 005 | 20251128205316.0 | ||
| 008 | 082120s2002 ||||||||||||||000 | spa|| | ||
| 020 | _a950-843-243-8 | ||
| 040 | _cAR-BaBNM | ||
| 100 | 1 | _aMujica, Hugo | |
| 245 | 0 | 0 | _aTestimonios de fin del milenio |
| 260 |
_aBuenos Aires _bVinciguerra _c1997 |
||
| 300 | _a92 p. | ||
| 490 | 0 | _aTestimonios de fin del milenio | |
| 500 | _aContiene referencias bibliográficas en p. 89 | ||
| 650 | 4 | _aLITERATURA ARGENTINA | |
| 650 | 4 | _aENTREVISTAS | |
| 650 | 4 | _aFILOSOFIA LITERARIA | |
| 650 | 4 | _aPOESIA | |
| 650 | 4 | _aCOMPOSICION LITERARIA | |
| 650 | 4 | _aCRITICA LITERARIA | |
| 653 | _aPOETICA | ||
| 655 | _aLITERATURA | ||
| 700 | 1 |
_aLahitte, Ana Emilia _eprologuista |
|
| 942 | _cBK | ||
| 998 | _cMARTIN | ||
| 999 |
_c10861 _d10861 |
||